Imagine Dragons’s TOP 20 songs - Statistiques

Statistiques générales
  • Ce quiz a été pris 12 fois
  • Le résultat moyen est 8 sur 20
Statistiques - réponses
Nb Songs Feat Stream % Correct
5 Enemy Ft. JID 1,973,770,158
92%
17 Enemy 394,585,178
92%
4 Radioactive 2,298,712,081
75%
1 Believer 3,807,081,825
67%
2 Demons 2,993,277,604
58%
9 Bad Liar 1,374,944,583
50%
6 Bones 1,769,845,812
50%
12 Warriors 849,409,691
50%
20 Birds 358,008,512
42%
15 Sharks 440,834,766
33%
7 Whatever It Takes 1,677,307,056
33%
14 Follow You 513,401,346
25%
11 It’s Time 912,581,945
25%
8 Natural 1,550,470,794
25%
18 Next To Me 381,604,592
25%
10 On Top Of The World 1,220,452,547
25%
19 I Bet My LIfe 378,467,596
17%
13 Shots Broiler Remix 595,631,555
17%
16 Wrecked 406,580,666
17%
3 Thuder 2,989,484,540
0%
Aucun quiz correspondant
Distribution des résultats
% des personnes avec chaque résultat
Percentile par nombre de réponses
Votre historique - résultats
Vous n’avez pas pris ce quiz